000
00274nam a2200097Ia 4500
082
_a
T 808.042 MART
245
0
_a
Young writers guide
100
_a
MARTIN, R D Flinders Park, Australia, 2004 3rd ed
_9
23421
942
_c
BK
008
210816s9999 xx 000 0 und d
999
_c
94475
_d
94474